Nhập cảng và xuất cảng [ của Việt Nam Cộng Hòa ]

Gardado en:
Detalles Bibliográficos
Autor Principal: Phạm Hữu Nghĩa
Formato: Libro
Idioma:Undetermined
Publicado: Sài Gòn Học viện Quốc Gia Hành Chánh 1971
Những chủ đề:
Các nhãn: Engadir etiqueta
Sen Etiquetas, Sexa o primeiro en etiquetar este rexistro!
Thư viện lưu trữ: Trung tâm Học liệu Trường Đại học Cần Thơ
LEADER 00623nam a2200181Ia 4500
001 CTU_26401
008 210402s9999 xx 000 0 und d
082 |a 343 
082 |b Ngh301 
100 |a Phạm Hữu Nghĩa 
245 0 |a Nhập cảng và xuất cảng [ của Việt Nam Cộng Hòa ] 
245 0 |c Phạm Hữu Nghĩa 
260 |a Sài Gòn 
260 |b Học viện Quốc Gia Hành Chánh 
260 |c 1971 
650 |a economic development,exports,imports,microeconomics 
904 |i Nguyễn Quang Điền, 981013 
980 |a Trung tâm Học liệu Trường Đại học Cần Thơ